书目信息 |
| 题名: |
日语故事精选
|
|
| 作者: | 周春霞 编著 | |
| 分册: | ||
| 出版信息: | 大连 大连理工大学出版社 2019 |
|
| 页数: | 290页 | |
| 开本: | 21cm | |
| 丛书名: | ||
| 单 册: | ||
| 中图分类: | H369.4:I313.45 | |
| 科图分类: | ||
| 主题词: | 日语--汉语--对照读物 , 故事--作品集--日本--现代 | |
| 电子资源: | ||
| ISBN: | 978-7-5685-1748-5 | |
| 000 | 00900nam0 2200253 450 | |
| 001 | 0104953486 | |
| 005 | 20200508133704.0 | |
| 010 | @a978-7-5685-1748-5@dCNY35.00 | |
| 100 | @a20191120d2019 em y0chiy0120 ea | |
| 101 | 0 | @achi@ajpn |
| 102 | @aCN@b210000 | |
| 105 | @ay z 000yy | |
| 106 | @ar | |
| 200 | 1 | @a日语故事精选@9Ri Yu Gu Shi Jing Xuan @f周春霞编著@b专著 |
| 210 | @a大连@c大连理工大学出版社@d2019 | |
| 215 | @a290页@d21cm | |
| 300 | @a初声读日语·日汉对照 | |
| 330 | @a本书集各类日语故事为一体,分为日本民间故事、日本童话故事、世界童话故事三部分。共计35篇文章。是一本适合初级日语学习者阅读的读物。原文中的日语当用汉字均有假名标注,方便朗读。 | |
| 606 | 0 | @a日语@x汉语@j对照读物 |
| 606 | 0 | @a故事@x作品集@y日本@z现代 |
| 690 | @aH369.4:I313.45@v5 | |
| 701 | 0 | @a周春霞@c(日语,@f1977~)@4编著@9zhou chun xia |
| 801 | 0 | @aCN@bAZmarc@c20230907 |
| 905 | @aBZT@dH369@e29@f5@sH369/29 | |
| 日语故事精选/周春霞编著.-大连:大连理工大学出版社,2019 |
| 290页;21cm |
| 初声读日语·日汉对照 |
| ISBN 978-7-5685-1748-5:CNY35.00 |
| 本书集各类日语故事为一体,分为日本民间故事、日本童话故事、世界童话故事三部分。共计35篇文章。是一本适合初级日语学习者阅读的读物。原文中的日语当用汉字均有假名标注,方便朗读。 |
| ● |
| 相关链接 |
|
|
|
正题名:日语故事精选
索取号:H369/29
 
预约/预借
| 序号 | 登录号 | 条形码 | 馆藏地/架位号 | 状态 | 备注 |
| 1 | 2000011261 | 2000011261 | 旧书回溯/ [索取号:H369/29] | 在馆 | |
| 2 | 2000011262 | 2000011262 | 旧书回溯/ [索取号:H369/29] | 在馆 | |
| 3 | 2000011263 | 2000011263 | 旧书回溯/ [索取号:H369/29] | 在馆 | |
| 4 | 2000011264 | 2000011264 | 旧书回溯/ [索取号:H369/29] | 在馆 | |
| 5 | 2000011265 | 2000011265 | 旧书回溯/ [索取号:H369/29] | 在馆 |